000 01164nam a2200301 a 4500
001 000024761
005 20240920093948.0
008 110203s1980 mx r 000 0 spa d
020 _a9684090935
040 _aDO-SdBNP
_bspa
_cBNPHU
041 1 7 _aspa
_heng
_2Código de idioma MARC
082 _a336.390973
_bS387u
100 1 _aSchultze, Charles L.
_950806
240 1 0 _aThe public use of private interest.
_lEspañol.
245 1 0 _aEl uso público del interés privado /
_cCharles L. Schultze ; traducción Hugo Enríquez Simoní, introducción de Bruce K. Mac Laury.
260 _aMéxico, D. F. :
_bEditores Asociado EDAMEX,
_c1980.
300 _a122 p. ;
_c20 cm.
534 _aTítulo original en inglés:
_tThe public use of private interest
500 _aIncluye notas al pie de las páginas
504 _aIncluye referencias bibliográficas
650 4 _aPolítica de gastos públicos
_zEstados Unidos
_950807
650 0 _aGastos públicos
_950808
650 0 _aPresupuesto
_96404
650 4 _aTransferencia de pago
_950809
700 1 _aEnríquez Simoní, Hugo
_etr.
_950810
700 1 _aMac Laury, Bruce K.,
_eintr.
_950811
049 _aBNGR
999 _c24254
_d24254